000 00632nam a22002172 4500
001 0000011686
005 20151217155845.0
008 081222s xx 000 0 eng d
040 _aKABU
_cKABU
100 1 _aSimpson, Alyse.
_@0000167655
245 1 4 _aThe Land that never was.
246 3 _aAlyse Simpson
250 _a1st ed.
260 _aLondon :
_bSewyn & Blount,
_c1937.
300 _a271 p.
600 1 0 _aSimpson, Alyse.
_@0000167655
651 0 _aKenya
_xSocial life and customs
_y1895-1963.
_@0000167656
852 1 _9p500 KES
908 _a081222
950 _@1
999 _c13330
_d13330